1235 1173 1219 1301 1102 1985 1662 1135 1060 1753 1828 1056 1798 1677 1251 1784 1095 1627 1579 1362 1684 1986 1223 1356 1247 1478 1531 1117 1947 1427 1505 1685 1168 1916 1239 1428 1625 1269 1533 1132 1734 1855 1144 1593 1767 1289 1231 1872 1285 1146 1064 1448 1988 1538 1342 1301 1279 1340 1128 1516 1954 1166 1779 1585 1826 1588 1305 1580 1754 1814 1788 1170 1272 1492 1443 1295 1812 1582 1500 1654 1898 1216 1278 1496 1914 1126 1425 1769 1809 1097 1267 1649 1856 1669 1397 1682 1564 1497 1694 BCNSPRNW ULIB Ver.6.0+V

เปลี่ยนเป็นภาษาไทย

Change to English
 แสดงรายละเอียดบรรณานุกรม
  กลับหน้าหลัก

Brief Record : Get Marc (ISO 2709) : E-mail record : QR code < ปิดหน้าต่าง
LEADER : 00000nam 2200000uu 4500
001    13399113915
003     ULIB
008    120113s2551||||th 000 0 tha d
020    ^a9789741091461
090    ^aนว.^bก831ก 2551
100 0  ^aเก้าแต้ม
245 00 ^aเกมรักกลเสน่หา/^cเก้าแต้ม
250    ^aพิมพ์ครั้งที่ 1
260    ^aกรุงเทพฯ :^bsugar beat,^c2551
300    ^a244 หน้า
945    ^p160^l0^i15410
995    ^aกัณชพร
999    ^aใช้งานได้ทุกระบบ
รายการนี้ยังไม่มีแท็ก
คุณยังไม่ได้ล็อกอิน คุณสามารถมีกิจกรรมร่วมกับเว็บไซต์ได้ แต่ต้องล็อกอินก่อน ::
  ล็อกอิน

รายการสื่อสารสนเทศ

ลำดับที่ ประเภท เลขเรียก/บาร์โค้ด สถานที่ สถานะ
1. นวนิยาย
นวนิยาย
นว. ก831ก 2551  
  Barcode: 15410
ห้องสมุดวิทยาเขตสวรรค์ประชารักษ์
►นวนิยาย
บนชั้น
  ขอยืม

รายการใกล้เคียง
    ผู้แต่ง [เก้าแต้ม]

BibComment


ยังไม่เคยถูกคอมเมนท์

คอมเมนท์ทรัพยากรรายการนี้
  คอมเมนท์: เกมรักกลเสน่หา เ..


 Copyright 2026. Bcnsprnw @Library